000 01123nam a2200313 i 4500
001 139977
003 ES-MaACL
005 20230906195949.0
007 t|
008 070214s1980 sp r ||||1| spa d
020 _a84-206-8021-4
080 _a612.8
100 1 _aSchmidt, Robert F.
_9104492
245 1 0 _aFundamentos de neurofisiología /
_cRobert F. Schmidt ; con contribuciones de J. Dudel ... [et al.] ; versión de Álvaro de Bueren Schreiber, Arnulf Meyer Meckelburger ; revisión técnica, José Luis Bardasano Rubio.
260 _aMadrid :
_bAlianza Editorial,
_c[1980]
300 _a392 p. ;
_c23 cm.
490 1 _aAlianza Universidad. Textos ;
_v21
504 _aBibliografía: p. 362-368.
650 4 _aNeurofisiología.
_915528
700 1 _aDudel, J.
_945863
700 1 _aJèanig, W.
_9128419
700 1 _aBueren Schreiber, Alvaro de.
_932415
700 1 _aMackelburger, Arnulf Meyer.
_975251
700 1 _aBardasano Rubio, José Luis.
_925577
830 0 _aAlianza Universidad. Textos ;
_v21
_9177885
852 4 _aES-MaACL
_jC-28459
852 4 _aES-MaACL
_jL-128
999 _c139977
_d139977